|
|
|
|
| LEADER |
01035nam a2200253 a 4500 |
| 001 |
16938755 |
| 008 |
120703s2012 enka b 001 0 eng d |
| 010 |
|
|
|a 2011036073
|
| 020 |
|
|
|a 9780470656471 (pbk.)
|
| 020 |
|
|
|a 0470656476 (pbk.)
|
| 040 |
|
|
|a DLC
|b eng
|c DLC
|d YDX
|d UKMGB
|d BDX
|d VP@
|d YDXCP
|d DLC
|d BD-DhAAL
|
| 082 |
0 |
0 |
|a 401/.9
|2 23
|
| 100 |
1 |
|
|a Aitchison, Jean,
|d 1938-
|
| 245 |
1 |
0 |
|a Words in the mind :
|b an introduction to the mental lexicon /
|c Jean Aitchison.
|
| 250 |
|
|
|a 4th ed.
|
| 260 |
|
|
|a Chichester, West Sussex ;
|a Malden, MA :
|b Wiley-Blackwell,
|c 2012.
|
| 300 |
|
|
|a xii, 335 p. :
|b ill. ;
|c 23 cm.
|
| 504 |
|
|
|a Includes bibliographical references and index.
|
| 541 |
|
|
|a 00025516
|
| 650 |
|
0 |
|a Lexicology
|x Psychological aspects.
|
| 650 |
|
0 |
|a Psycholinguistics.
|
| 852 |
1 |
|
|a Ayesha Abed Library
|j General shelf
|
| 999 |
|
|
|c 12463
|d 12463
|
| 952 |
|
|
|0 0
|1 0
|4 0
|6 401_900000000000000_AIT
|7 0
|9 20618
|a BRACUL
|b BRACUL
|c GEN
|d 2012-07-03
|e Karim International
|g 3500.00
|l 10
|m 9
|o 401.9 AIT
|p 3010025516
|r 2026-04-25
|s 2026-04-09
|t 1
|w 2012-07-04
|y BK
|